书目信息 |
| 题名: |
谷物与谷物化学概论
|
|
| 作者: | 国娜 , 和秀广 著 | |
| 分册: | ||
| 出版信息: | 北京 化学工业出版社 2017.09 |
|
| 页数: | 211页 | |
| 开本: | 26cm | |
| 丛书名: | ||
| 单 册: | ||
| 中图分类: | S37 | |
| 科图分类: | ||
| 主题词: | 谷物--概论 , 谷物化学--概论 | |
| 电子资源: | ||
| ISBN: | 978-7-122-30122-2 | |
| 000 | 00925nam0 2200241 450 | |
| 001 | 4241 | |
| 005 | 20181011082547.10 | |
| 010 | @a978-7-122-30122-2@dCNY48.00 | |
| 100 | @a20171018d2017 em y0chiy50 ea | |
| 101 | 0 | @achi |
| 102 | @aCN@b110000 | |
| 105 | @aa z 000yy | |
| 200 | 1 | @a谷物与谷物化学概论@9gu wu yu gu wu hua xue gai lun@f国娜,和秀广等著 |
| 210 | @a北京@c化学工业出版社@d2017.09 | |
| 215 | @a211页@c图@d26cm | |
| 330 | @a本书从宏观和微观角度研究谷物外部形态特征、种类变化,化学成分的结构、性质、功能及谷物在加工和储藏过程中发生的物理、化学和生物化学变化,为改善谷物品质、开发食品新资源、革新食品加工工艺和储运技术、科学调整膳食结构、加强食品品质控制及提高食品原料加工和综合利用水平提供理论依据。 | |
| 606 | 0 | @a谷物@x概论 |
| 606 | 0 | @a谷物化学@x概论 |
| 690 | @aS37@v5 | |
| 701 | 0 | @a国娜@9guo na@4著 |
| 701 | 0 | @a和秀广@9he xiu guang@4著 |
| 801 | 0 | @aCN@b91MARC@c20171018 |
| 905 | @aMuseLib@dS37@e55 | |
| 谷物与谷物化学概论/国娜,和秀广等著.-北京:化学工业出版社,2017.09 |
| 211页:图;26cm |
| ISBN 978-7-122-30122-2:CNY48.00 |
| 本书从宏观和微观角度研究谷物外部形态特征、种类变化,化学成分的结构、性质、功能及谷物在加工和储藏过程中发生的物理、化学和生物化学变化,为改善谷物品质、开发食品新资源、革新食品加工工艺和储运技术、科学调整膳食结构、加强食品品质控制及提高食品原料加工和综合利用水平提供理论依据。 |
| ● |
| 相关链接 |
|
|
|
|
正题名:谷物与谷物化学概论
索取号:S37/55
 
预约/预借
| 序号 | 登录号 | 条形码 | 馆藏地/架位号 | 状态 | 备注 |
| 1 | 1124196 | 211241967 | 第二样本阅览室/ [索取号:S37/55] | 在馆 | |
| 2 | 1124197 | 211241976 | 第三借阅区/ [索取号:S37/55] | 在馆 | |
| 3 | 1124198 | 211241985 | 密集书库-生命科学系/ [索取号:S37/55] | 在馆 | |
| 4 | 1124199 | 211241994 | 第三借阅区/ [索取号:S37/55] | 在馆 | |
| 5 | 1124200 | 211242001 | 第三借阅区/ [索取号:S37/55] | 在馆 |